Wonders of the World - Statistics

General Stats
  • This quiz has been taken 106 times
  • The average score is 19 of 50
Answer Stats
Picture Answer % Correct
Taj Mahal
86%
The Colosseum
85%
Leaning Tower of Pisa
78%
Eiffel Tower
77%
Stonehenge
76%
The Last Supper
76%
Venice
76%
Mount Rushmore
74%
Golden Gate Bridge
73%
Giant Sphinx
70%
Great Pyramid of Giza
70%
Starry Night
70%
Statue of Liberty
70%
The Moon Landing
70%
Aurora Borealis
69%
Empire State Building
69%
Petra
69%
The Great Wall of China
69%
Mount Everest
68%
Einstein's Theory of Relativity
65%
The Grand Canyon
65%
Machu Picchu
62%
Christ the Redeemer
61%
Notre Dame Cathedral
58%
Hoover Dam
57%
Komodo Island
57%
The Music of Ludwig Van Beethoven
56%
Acropolis
55%
Vatican City
55%
Panama Canal
53%
Uluru
52%
Angkor Wat
51%
The Internet
51%
The Music of Wolfgang Amadeus Mozart
51%
Human Flight
50%
Burj Khalifa
49%
Antarctica
47%
Chichen Itza
47%
Forbidden City
45%
Great Barrier Reef
45%
Hanging Gardens of Babylon
45%
The Unique Biodiversity of Madagascar
45%
Arc de Triomphe
44%
Brandenburg Gate
44%
Hagia Sophia
44%
Victoria Falls
44%
Automobiles
43%
Lighthouse of Alexandria
41%
Printing Press
41%
Colossus of Rhodes
39%
The Literary Works of William Shakespeare
38%
Brooklyn Bridge
36%
St. Basil's Cathedral
35%
Amazon Rainforest
34%
CN Tower
34%
Sputnik
34%
Dome of the Rock
33%
Palace of Versailles
31%
Terracotta Army
31%
International Space Station
29%
Cologne Cathedral
26%
The Discovery of Calculus
24%
Table Mountain
23%
The Nuclear-Powered Aircraft Carrier
23%
Giant's Causeway
22%
Sagrada Familia
22%
Statue of Zeus at Olympia
21%
Three Gorges Dam
21%
The Hermitage
20%
Hubble Telescope
19%
Kaaba
18%
Neuschwanstein Castle
18%
Society
18%
The Great Migration
15%
Babylon
14%
Carcassonne
14%
Havana
13%
Temple of Artemis at Ephesus
13%
Nuclear Power and the Atom Bomb
11%
Timbuktu
11%
Teotihuacan
10%
Alhambra
9%
Mausoleum of Halicarnassus
9%
Potala Palace
8%
Iceland
7%
Olympia
6%
Temples of Abu Simbel
6%
Lake Baikal
5%
Ruins of Tenochtitlan
5%
Socotra Island
5%
Bamiyan Buddhas
3%
Newgrange
3%
Persepolis
3%
Skellig Michael
3%
The Amber Room
3%
Ancient Aleppo
2%
Forth Bridge
2%
Glacier Bay
0%
Palau
0%
Palmyra
0%
No matching quizzes found
Score Distribution
Percent of People with Each Score
Percentile by Number Answered
Your Score History
You have not taken this quiz